<?xml version="1.0" encoding="UTF-8"?><?xml-stylesheet type="text/xsl" href="static/style.xsl"?><OAI-PMH xmlns="http://www.openarchives.org/OAI/2.0/" xmlns:xsi="http://www.w3.org/2001/XMLSchema-instance" xsi:schemaLocation="http://www.openarchives.org/OAI/2.0/ http://www.openarchives.org/OAI/2.0/OAI-PMH.xsd"><responseDate>2026-04-27T13:49:46Z</responseDate><request verb="GetRecord" identifier="oai:uvadoc.uva.es:10324/32405" metadataPrefix="marc">https://uvadoc.uva.es/oai/request</request><GetRecord><record><header><identifier>oai:uvadoc.uva.es:10324/32405</identifier><datestamp>2025-03-26T19:10:04Z</datestamp><setSpec>com_10324_28025</setSpec><setSpec>com_10324_954</setSpec><setSpec>com_10324_894</setSpec><setSpec>com_10324_1148</setSpec><setSpec>com_10324_931</setSpec><setSpec>col_10324_28026</setSpec><setSpec>col_10324_1270</setSpec></header><metadata><record xmlns="http://www.loc.gov/MARC21/slim" xmlns:doc="http://www.lyncode.com/xoai" xmlns:xsi="http://www.w3.org/2001/XMLSchema-instance" xmlns:dcterms="http://purl.org/dc/terms/" xsi:schemaLocation="http://www.loc.gov/MARC21/slim http://www.loc.gov/standards/marcxml/schema/MARC21slim.xsd">
<leader>00925njm 22002777a 4500</leader>
<datafield tag="042" ind1=" " ind2=" ">
<subfield code="a">dc</subfield>
</datafield>
<datafield tag="720" ind1=" " ind2=" ">
<subfield code="a">Marqués Cuesta, Luis Alberto</subfield>
<subfield code="e">author</subfield>
</datafield>
<datafield tag="720" ind1=" " ind2=" ">
<subfield code="a">Aboy Cebrián, María</subfield>
<subfield code="e">author</subfield>
</datafield>
<datafield tag="720" ind1=" " ind2=" ">
<subfield code="a">Santos Tejido, Iván</subfield>
<subfield code="e">author</subfield>
</datafield>
<datafield tag="720" ind1=" " ind2=" ">
<subfield code="a">López Martín, Pedro</subfield>
<subfield code="e">author</subfield>
</datafield>
<datafield tag="720" ind1=" " ind2=" ">
<subfield code="a">Cristiano, Fuccio</subfield>
<subfield code="e">author</subfield>
</datafield>
<datafield tag="720" ind1=" " ind2=" ">
<subfield code="a">La Magna, Antonino</subfield>
<subfield code="e">author</subfield>
</datafield>
<datafield tag="720" ind1=" " ind2=" ">
<subfield code="a">Huet, Karim</subfield>
<subfield code="e">author</subfield>
</datafield>
<datafield tag="720" ind1=" " ind2=" ">
<subfield code="a">Tabata, Toshiyuki</subfield>
<subfield code="e">author</subfield>
</datafield>
<datafield tag="720" ind1=" " ind2=" ">
<subfield code="a">Pelaz Montes, María Lourdes</subfield>
<subfield code="e">author</subfield>
</datafield>
<datafield tag="260" ind1=" " ind2=" ">
<subfield code="c">2018</subfield>
</datafield>
<datafield tag="520" ind1=" " ind2=" ">
<subfield code="a">We combine focused experiments with molecular dynamics simulations to investigate in detail the formation of {001} loops in nanosecond laser-annealed silicon. We demonstrate that at temperatures close to the melting point, self-interstitial rich silicon is driven into dense liquid-like droplets that are highly mobile within the solid crystalline matrix. These liquid droplets grow by a coalescence mechanism and eventually transform into {0 0 1} loops through a liquid-to-solid phase transition in the nanosecond timescale.</subfield>
</datafield>
<datafield tag="024" ind2=" " ind1="8">
<subfield code="a">Nuclear Instruments and Methods in Physics Research Section B: Beam Interactions with Materials and Atoms,  2018, Volume 458, Pages 179-183</subfield>
</datafield>
<datafield tag="024" ind2=" " ind1="8">
<subfield code="a">http://uvadoc.uva.es/handle/10324/32405</subfield>
</datafield>
<datafield tag="024" ind2=" " ind1="8">
<subfield code="a">10.1016/j.nimb.2018.09.030</subfield>
</datafield>
<datafield tag="024" ind2=" " ind1="8">
<subfield code="a">Nuclear Instruments and Methods in Physics Research Section B: Beam Interactions with Materials and Atoms</subfield>
</datafield>
<datafield tag="245" ind1="0" ind2="0">
<subfield code="a">On the anomalous generation of {0 0 1} loops during laser annealing of ion-implanted silicon</subfield>
</datafield>
</record></metadata></record></GetRecord></OAI-PMH>